000 02310cam a2200493L 4500
001 87280
005 20230411090045.0
008 091110s2000 at 000 u eng d
035 _a(OCoLC)ocn464575868
040 _aDKDLA
_bdan
_cDKDLA
020 _a0324027443
020 _a9780324027440
029 0 _aDKDLA
_b20189833
029 1 _aDKDLA
_b35654777
035 _a(OCoLC)464575868
084 _a336.76
_2z
049 _aGRAL
245 0 0 _aFinancial markets and institutions /
_cJeff Madura.
250 _a5. edition.
260 _aAustralia :
_bSouth-Western College Pub,
_c2000.
300 _axx, 698, A-10, B-3, G-11, I-8 s. :
_bill.
500 _aIncludes index.
505 0 _aPART ONE: OVERVIEW OF THE FINANCIAL ENVIRONMENT. 1. Role of Financial Markets and Institutions -- 2. Determination of Interest Rates -- 3. Structure of Interest Rates -- THE FED AND MONETARY POLICY. 4. Functions of the Fed / PART TWO -- 5. Monetary Theory and Policy -- DEBT SECURITY MARKETS. 6. Money Markets / PART THREE -- 7. Bond Markets -- 8. Bond Valuation and Risk -- 9. Mortgage Markets -- EQUITY MARKETS. 10. Stock Markets / PART FOUR -- 11. Stock Valuation and Risk -- DERIVATIVE SECURITY MARKETS. 12. Financial Futures Markets / PART FIVE -- 13. Options Markets -- 14. Interest Rate Derivative Markets -- 15. Foreign Exchange Derivative Markets.PART SIX COMMERCIAL BANKING. 16. Commercial Bank Operations -- 17. Bank Regulation -- 18. Bank Management -- 19. Bank Performance -- 20. International Banking -- NONBANK OPERATIONS. 21. Thrift Operations / PART SEVEN -- 22. Consumer Finance Operations -- 23. Mutual Fund Operations -- 24. Securities Operations -- 25. Insurance Operations -- 26. Pension Fund Operations -- 27. Credit Unions.
650 4 _aFinancial institutions.
650 4 _aCapital market.
650 4 _aMoney market.
650 4 _aKapitalmarked.
650 4 _aMonetary policy.
650 4 _a¢konomisk politik.
650 4 _aObligationer.
650 4 _aBonds.
650 4 _aAktier.
650 4 _aStocks.
650 4 _aBankvµsen.
650 4 _aBanking.
653 _aDerivatives.
653 _aDerivater.
653 _aVµrdipapirer.
653 _aSecurities.
700 1 _aMadura, Jeff.
942 _2lcc
_cbk
946 _aAFJ
994 _aC0
_bDRFGD
999 _c111726
_d111726